|
|
|
|
| LEADER |
00000cac a2200000 a 4500 |
| 001 |
52143-3 |
| 003 |
Ucuenca |
| 005 |
20230308213558.0 |
| 008 |
000000|1955 ag |||||r|||||||||||spa|| |
| 040 |
|
|
|b spa
|
| 041 |
1 |
|
|a spa
|
| 082 |
0 |
|
|a 809
|
| 100 |
1 |
|
|a Prampolini, Santiago
|d 1898-1975
|9 217865
|
| 245 |
|
|
|a Literaturas cristianas occidentales, cristianas orientales, bizantina, latina medieval y hebraica medieval
|c Santiago Prampolini. Traductores José Almoina, Carlos Esplá y José López Pérez
|h imp
|
| 246 |
|
1 |
|a Storia universale della letteratura
|
| 250 |
|
|
|a 2a ed., corregida y aumentada
|
| 264 |
|
|
|a Buenos Aires
|b Uthea
|c 1955
|
| 300 |
|
|
|a viii, 609 páginas:
|b ilu
|c 27.5 cm
|
| 490 |
|
|
|a Historia Universal de la Literatura
|n no. 3
|
| 650 |
1 |
|
|a Literatura cristiana
|9 22557
|
| 650 |
1 |
|
|a Literatura bizantina
|9 1579
|
| 650 |
1 |
|
|a Literatura hebraica
|9 217868
|
| 650 |
1 |
|
|a Literatura medieval
|9 28221
|
| 650 |
1 |
|
|a Literatura latina
|9 1572
|
| 852 |
|
|
|a UC-CDJBV
|f Donación
|l 1
|m Limitada
|p 00000000
|t 52143-3
|b 1
|d CDRC
|e CDRC
|g 809 TERCER PISO
|z 0000-00-00
|
| 942 |
|
|
|c CR
|
| 999 |
|
|
|c 126045
|d 126045
|